000 00546nam a2200169Ia 4500
003 GCL
008 140319s9999 xx 000 0 ara d
040 _aGCL /
_cGCL
082 0 4 _a811.9
_bع ل
100 1 _aعادل الحلفاوى
245 1 0 _aالليلة الشتوية: اشعار بالعاميه /
_cعادل الحلفاوى
300 _a78 ص
490 _aالهيئة العامة للاستعلامات
_v0
650 0 4 _aالادب العربى
650 0 4 _aالشعر العربى - العصر الحديث
942 _2ddc
_cBK
999 _c47460
_d47460